[Event "Voronezh Petrovsky op"]
[Site "Voronezh"]
[Date "2022.06.17"]
[Round "9"]
[White "Galaktionov, Artem"]
[Black "Chuprikov, Dmitry"]
[Result "1/2-1/2"]
[WhiteElo "2331"]
[BlackElo "2277"]
[PlyCount "42"]
[EventDate "2022.06.10"]
[EventType "swiss"]
[EventRounds "9"]
[EventCountry "RUS"]
[SourceTitle "EXT 2023"]
[Source "ChessBase"]
[SourceDate "2022.10.05"]
[SourceVersion "1"]
[SourceVersionDate "2022.10.05"]
[SourceQuality "1"]

1. d4 g6 2. c4 Bg7 3. Nf3 d6 4. Nc3 Bg4 5. e4 Bxf3 6. gxf3 Nc6 7. Be3 e5 8. d5 Nd4 9. Nb5 c5 10. dxc6 bxc6 11. Nxd4 exd4 12. Bxd4 Qa5+ 13. Ke2 Nf6 14. Bxf6 Bxf6 15. Bh3 0-0 16. Qd2 Qxd2+ 17. Kxd2 Bxb2 18. Rab1 Rab8 19. Bd7 c5 20. Bb5 Bd4 21. Ke2 Kg7 1/2-1/2

[Event "Voronezh Petrovsky op"]
[Site "Voronezh"]
[Date "2022.06.14"]
[Round "6"]
[White "Dimitrova, Aleksandra"]
[Black "Chuprikov, Dmitry"]
[Result "1-0"]
[WhiteElo "2169"]
[BlackElo "2277"]
[PlyCount "63"]
[EventDate "2022.06.10"]
[EventType "swiss"]
[EventRounds "9"]
[EventCountry "RUS"]
[SourceTitle "EXT 2023"]
[Source "ChessBase"]
[SourceDate "2022.10.05"]
[SourceVersion "1"]
[SourceVersionDate "2022.10.05"]
[SourceQuality "1"]

1. e4 e6 2. d4 d5 3. Nc3 Nf6 4. e5 Nfd7 5. f4 c5 6. Nf3 Nc6 7. Be3 Be7 8. Qd2 0-0 9. dxc5 Nxc5 10. 0-0-0 Qa5 11. Kb1 Rd8 12. Nd4 Bf8 13. h4 Bd7 14. h5 h6 15. g4 Rab8 16. g5 hxg5 17. fxg5 b5 18. g6 b4 19. gxf7+ Kxf7 20. Qf2+ Kg8 21. Nxd5 exd5 22. Bg2 Nxd4 23. Bxd4 Ne4 24. Bxe4 dxe4 25. h6 Be6 26. b3 Rb7 27. hxg7 Bxg7 28. Rdg1 Rf7 29. Qh4 Kf8 30. Rxg7 Rxg7 31. Qf6+ Bf7 32. e6 1-0

[Event "Voronezh Petrovsky op"]
[Site "Voronezh"]
[Date "2022.06.10"]
[Round "1"]
[White "Chuprikov, Dmitry"]
[Black "Gasparian, Haik"]
[Result "1-0"]
[WhiteElo "2277"]
[BlackElo "1918"]
[PlyCount "61"]
[EventDate "2022.06.10"]
[EventType "swiss"]
[EventRounds "9"]
[EventCountry "RUS"]
[SourceTitle "EXT 2023"]
[Source "ChessBase"]
[SourceDate "2022.10.05"]
[SourceVersion "1"]
[SourceVersionDate "2022.10.05"]
[SourceQuality "1"]

1. d4 d5 2. c4 c6 3. Nf3 Nf6 4. e3 e6 5. Nbd2 Bd6 6. b3 Nbd7 7. Bb2 0-0 8. Bd3 b6 9. 0-0 Bb7 10. Qe2 c5 11. cxd5 exd5 12. Ba6 Bxa6 13. Qxa6 Re8 14. Rfd1 Qe7 15. Rac1 Ne4 16. Nf1 Qe6 17. N3d2 f5 18. dxc5 Ndxc5 19. Qe2 f4 20. b4 Na4 21. Nxe4 dxe4 22. Ba1 Rad8 23. Qb5 f3 24. Qxa4 Bxh2+ 25. Kxh2 Qg4 26. Ng3 h5 27. Rc7 Qh4+ 28. Kg1 Rxd1+ 29. Qxd1 Rd8 30. Rxg7+ Kf8 31. Rd7 1-0

[Event "Voronezh Regional-ch"]
[Site "Voronezh"]
[Date "2014.12.10"]
[Round "5"]
[White "Shtyka, Sergey"]
[Black "Chuprikov, Dmitry"]
[Result "0-1"]
[WhiteElo "2296"]
[BlackElo "2313"]
[PlyCount "104"]
[EventDate "2014.12.05"]
[EventType "swiss"]
[EventRounds "9"]
[EventCountry "RUS"]
[SourceTitle "CBM 164 Extra"]
[Source "ChessBase"]
[SourceDate "2015.03.02"]
[SourceVersion "1"]
[SourceVersionDate "2015.03.02"]
[SourceQuality "1"]

1. Nf3 d5 2. c4 c6 3. b3 Bg4 4. Ne5 Bh5 5. g4 Bg6 6. h4 Nd7 7. Bb2 Nxe5 8. Bxe5 f6 9. Bg3 e5 10. Bg2 Bc5 11. cxd5 cxd5 12. b4 Bb6 13. Qa4+ Kf8 14. Nc3 Ne7 15. h5 Bf7 16. h6 g5 17. e3 Rc8 18. Ne2 d4 19. Bxb7 Rc7 20. Bf3 Bd5 21. Bxd5 Qxd5 22. 0-0 Kf7 23. Rac1 Rhc8 24. Rxc7 Rxc7 25. Rc1 d3 26. Nc3 Qe6 27. Qb5 Rc4 28. a4 Qxg4 29. Kh2 Qe6 30. a5 Bd8 31. Na2 Rxc1 32. Nxc1 e4 33. Nxd3 exd3 34. Qxd3 f5 35. Qxd8 f4 36. exf4 Qxh6+ 37. Kg1 gxf4 38. Bh2 Qg5+ 39. Kf1 Qh4 40. Bg1 Qh3+ 41. Ke2 Qg4+ 42. Kd3 Qxg1 43. Qd4 Qg6+ 44. Kc4 Qc6+ 45. Kb3 Qd5+ 46. Kc3 Qxd4+ 47. Kxd4 Nc6+ 48. Kc5 Nxb4 49. Kxb4 h5 50. Kb5 h4 51. Ka6 h3 52. Kxa7 h2 0-1

[Event "Voronezh Regional-ch"]
[Site "Voronezh"]
[Date "2014.12.05"]
[Round "1"]
[White "Ioffe, Ilya"]
[Black "Chuprikov, Dmitry"]
[Result "0-1"]
[WhiteElo "2037"]
[BlackElo "2313"]
[PlyCount "102"]
[EventDate "2014.12.05"]
[EventType "swiss"]
[EventRounds "9"]
[EventCountry "RUS"]
[SourceTitle "CBM 164 Extra"]
[Source "ChessBase"]
[SourceDate "2015.03.02"]
[SourceVersion "1"]
[SourceVersionDate "2015.03.02"]
[SourceQuality "1"]

1. e4 d6 2. d4 g6 3. Nc3 Bg7 4. f4 Nf6 5. Nf3 0-0 6. Bd3 Na6 7. 0-0 c5 8. d5 Nc7 9. a4 Rb8 10. Bc4 b6 11. e5 Nfe8 12. Re1 a6 13. Qd3 Bf5 14. Qe2 Qd7 15. Rd1 b5 16. axb5 axb5 17. Bd3 Bg4 18. Ra7 c4 19. Be4 f5 20. exf6 Nxf6 21. h3 Nxe4 22. Nxe4 Bxf3 23. Qxf3 Ra8 24. Rxa8 Rxa8 25. b3 Ra1 26. bxc4 bxc4 27. Be3 Rxd1+ 28. Qxd1 Qf5 29. Ng5 h6 30. Ne6 Qxd5 31. Qxd5 Nxd5 32. Bc1 Nb4 33. Nxg7 Kxg7 34. c3 Nd3 35. Be3 h5 36. g4 hxg4 37. hxg4 e5 38. fxe5 Nxe5 39. Bf4 Kf6 40. Kg2 Ke6 41. Kg3 Kd5 42. Kh4 Ke4 43. Bh6 Nf3+ 44. Kg3 d5 45. Bg7 Ne5 46. Bf6 Nd7 47. Bd4 Ne5 48. Bc5 Nd3 49. Bd4 Nf4 50. Bf6 Ne2+ 51. Kf2 Kd3 0-1

[Event "Voronezh Zagorovsky Memorial"]
[Site "Voronezh"]
[Date "2014.07.08"]
[Round "7"]
[White "Chuprikov, Dmitry"]
[Black "Kretov, Evgenij"]
[Result "1/2-1/2"]
[WhiteElo "2324"]
[BlackElo "2275"]
[PlyCount "56"]
[EventDate "2014.07.01"]
[EventType "swiss"]
[EventRounds "9"]
[EventCountry "RUS"]
[SourceTitle "CBM 161 Extra"]
[Source "ChessBase"]
[SourceDate "2014.08.29"]
[SourceVersion "1"]
[SourceVersionDate "2014.08.29"]
[SourceQuality "1"]

1. d4 Nf6 2. c4 e6 3. Nc3 Bb4 4. e3 c5 5. Bd3 cxd4 6. exd4 d5 7. Nf3 dxc4 8. Bxc4 0-0 9. 0-0 b6 10. Bg5 Bb7 11. Ne5 Be7 12. Qe2 Nc6 13. Bxe6 Qxd4 14. Bxf6 gxf6 15. Nxc6 Bxc6 16. Bf5 Qf4 17. Qh5 h6 18. Rae1 Bc5 19. Ne4 Kg7 20. g3 Qe5 21. Nc3 Qd4 22. Be4 Rae8 23. Qg4+ Kh8 24. Qf4 Bxe4 25. Rxe4 Rxe4 26. Nxe4 Kg7 27. Qg4+ Kh8 28. Qf4 Kg7 1/2-1/2

[Event "Voronezh Region-ch"]
[Site "Voronezh"]
[Date "2013.12.03"]
[Round "1"]
[White "Popov, Kirill"]
[Black "Chuprikov, Dmitry"]
[Result "1/2-1/2"]
[WhiteElo "2158"]
[BlackElo "2334"]
[PlyCount "51"]
[EventDate "2013.12.03"]
[EventType "swiss"]
[EventRounds "9"]
[EventCountry "RUS"]
[SourceTitle "CBM 158 Extra"]
[Source "ChessBase"]
[SourceDate "2014.02.28"]
[SourceVersion "1"]
[SourceVersionDate "2014.02.28"]
[SourceQuality "1"]

1. e4 d6 2. d4 Nf6 3. Nc3 g6 4. f3 c6 5. Be3 Qb6 6. b3 Bg7 7. Qd2 Nbd7 8. g4 h6 9. h4 Qc7 10. Nge2 b5 11. a4 b4 12. Nd1 a5 13. Nb2 Bb7 14. h5 g5 15. Ng3 e6 16. 0-0-0 0-0-0 17. Kb1 d5 18. e5 Nxe5 19. dxe5 Qxe5 20. Ne2 Qc7 21. Nd4 e5 22. Nf5 Bf8 23. Bf2 d4 24. Bg3 Nd5 25. Re1 Nc3+ 26. Ka1 1/2-1/2

[Event "Voronezh-ch"]
[Site "Voronezh"]
[Date "2013.10.18"]
[Round "1"]
[White "Chuprikov, Dmitry"]
[Black "Zhileykin, Andrey"]
[Result "1-0"]
[WhiteElo "2344"]
[BlackElo "1981"]
[PlyCount "79"]
[EventDate "2013.10.18"]
[EventType "swiss"]
[EventRounds "9"]
[EventCountry "RUS"]
[SourceTitle "EXT 2014"]
[Source "ChessBase"]
[SourceDate "2013.11.20"]
[SourceVersion "1"]
[SourceVersionDate "2013.11.20"]
[SourceQuality "1"]

1. d4 Nf6 2. Nf3 b5 3. e3 a6 4. b3 Bb7 5. c4 bxc4 6. bxc4 e6 7. Bd3 Be7 8. 0-0 0-0 9. Nc3 c5 10. d5 exd5 11. cxd5 d6 12. e4 Ne8 13. Rb1 Bc8 14. h3 Bf6 15. Na4 Nd7 16. Bd2 g6 17. Nb2 Rb8 18. Nc4 Rxb1 19. Qxb1 Bg7 20. a4 Ndf6 21. Qb6 Qe7 22. Re1 Qd7 23. Qb8 Nc7 24. Ba5 Ncxd5 25. exd5 Nxd5 26. Qxd6 Nb4 27. Bf1 Qxa4 28. Qxc5 Nc2 29. Rc1 Bf5 30. Nd6 Nd4 31. Nxd4 Bxd4 32. Qb4 Qxb4 33. Bxb4 Be6 34. Rd1 Bg7 35. Bxa6 Rb8 36. Bc5 Be5 37. Bc4 Bxc4 38. Nxc4 Bc3 39. g3 h6 40. Bd4 1-0

[Event "Voronezh op-A 17th"]
[Site "Voronezh"]
[Date "2013.06.14"]
[Round "3"]
[White "Tarlev, Konstantin"]
[Black "Chuprikov, Dmitry"]
[Result "1/2-1/2"]
[WhiteElo "2547"]
[BlackElo "2366"]
[PlyCount "75"]
[EventDate "2013.06.12"]
[EventType "swiss"]
[EventRounds "9"]
[EventCountry "RUS"]
[SourceTitle "EXT 2014"]
[Source "ChessBase"]
[SourceDate "2013.11.20"]
[SourceVersion "1"]
[SourceVersionDate "2013.11.20"]
[SourceQuality "1"]

1. c4 c5 2. Nf3 b6 3. d4 cxd4 4. Nxd4 Bb7 5. Nc3 Nf6 6. f3 Nc6 7. e4 e6 8. Be3 Bc5 9. Qd2 0-0 10. 0-0-0 Rc8 11. Nxc6 Bxe3 12. Qxe3 Bxc6 13. e5 Ne8 14. Bd3 Qe7 15. h4 f6 16. h5 fxe5 17. Qxe5 Qf6 18. Qe2 Qf4+ 19. Kb1 Nf6 20. h6 g6 21. Qe1 Rf7 22. Ka1 Nh5 23. Ne2 Qe5 24. Rh4 Rcf8 25. Be4 Bxe4 26. Rxe4 Qg5 27. Qh1 Nf6 28. Rh4 b5 29. cxb5 Qxb5 30. Nc3 Qc5 31. Ne4 Nxe4 32. Rxe4 Rc8 33. a3 Qg5 34. Rg4 Qe5 35. Re4 Qg5 36. Rg4 Qe5 37. Re4 Qg5 38. Rg4 1/2-1/2

[Event "Voronezh Spring"]
[Site "Voronezh"]
[Date "2013.05.25"]
[Round "?"]
[White "Chuprikov, Dmitry"]
[Black "Artemov, Nikita"]
[Result "0-1"]
[WhiteElo "2362"]
[BlackElo "1999"]
[PlyCount "48"]
[EventDate "2013.05.07"]
[EventType "tourn"]
[EventRounds "11"]
[EventCountry "RUS"]
[SourceTitle "EXT 2014"]
[Source "ChessBase"]
[SourceDate "2013.11.20"]
[SourceVersion "1"]
[SourceVersionDate "2013.11.20"]
[SourceQuality "1"]

1. d4 Nf6 2. c4 c5 3. d5 e6 4. Nc3 exd5 5. cxd5 d6 6. e4 g6 7. h3 Bg7 8. Nf3 0-0 9. Bd3 b5 10. Nxb5 Nxe4 11. Bxe4 Re8 12. Nd2 Ba6 13. a4 Qa5 14. Nxd6 Re7 15. Qc2 f5 16. Kd1 fxe4 17. N6xe4 Rd7 18. d6 Nc6 19. Qb3+ Kh8 20. Nc4 Qd8 21. Nxc5 Rxd6+ 22. Nxd6 Qxd6+ 23. Bd2 Qxc5 24. Qe3 Qd5 0-1

[Event "Voronezh Spring"]
[Site "Voronezh"]
[Date "2013.05.24"]
[Round "?"]
[White "Savenko, Ivan"]
[Black "Chuprikov, Dmitry"]
[Result "1/2-1/2"]
[WhiteElo "1598"]
[BlackElo "2362"]
[PlyCount "45"]
[EventDate "2013.05.07"]
[EventType "tourn"]
[EventRounds "11"]
[EventCountry "RUS"]
[SourceTitle "EXT 2014"]
[Source "ChessBase"]
[SourceDate "2013.11.20"]
[SourceVersion "1"]
[SourceVersionDate "2013.11.20"]
[SourceQuality "1"]

1. d4 d5 2. c4 c6 3. cxd5 cxd5 4. Nc3 Nf6 5. g3 Nc6 6. Bg2 e6 7. Nf3 Be7 8. 0-0 0-0 9. Bg5 h6 10. Bxf6 Bxf6 11. e3 Bd7 12. Rc1 Rc8 13. Ne1 Na5 14. Nd3 Nc4 15. b3 Nd6 16. Nc5 b6 17. Nxd7 Qxd7 18. Qd3 Rc7 19. Ne2 Rfc8 20. Rxc7 Rxc7 21. Rc1 Rxc1+ 22. Nxc1 Qc6 23. Ne2 1/2-1/2

[Event "Voronezh-ch"]
[Site "Voronezh"]
[Date "2012.10.23"]
[Round "4"]
[White "Chuprikov, Dmitry"]
[Black "Sokolovsky, Victor"]
[Result "1-0"]
[WhiteElo "2357"]
[BlackElo "2049"]
[PlyCount "75"]
[EventDate "2012.10.19"]
[EventType "swiss"]
[EventRounds "9"]
[EventCountry "RUS"]
[SourceTitle "EXT 2013"]
[Source "ChessBase"]
[SourceDate "2012.11.22"]
[SourceVersion "1"]
[SourceVersionDate "2012.11.22"]
[SourceQuality "1"]

1. d4 Nf6 2. c4 e6 3. Nc3 d5 4. cxd5 exd5 5. Bg5 Be7 6. e3 0-0 7. Bd3 h6 8. Bh4 Be6 9. Nge2 Nbd7 10. 0-0 c5 11. Rc1 Rc8 12. Nf4 a6 13. a3 Rc6 14. Re1 g5 15. Nxe6 fxe6 16. Bg3 Qe8 17. e4 Qf7 18. exd5 Nxd5 19. Nxd5 exd5 20. dxc5 Bxc5 21. Qd2 Nf6 22. Rxc5 Rxc5 23. Bd6 Rc6 24. Bxf8 Qxf8 25. h4 g4 26. Qf4 Kg7 27. g3 Kh8 28. Re5 Kg7 29. Kh2 Qf7 30. Rf5 Qe7 31. b4 Re6 32. Qd4 Qd6 33. h5 Kg8 34. Rf4 Re5 35. Bf5 Nxh5 36. Rxg4+ Ng7 37. Rxg7+ Kxg7 38. f4 1-0

[Event "Voronezh-ch"]
[Site "Voronezh"]
[Date "2012.10.20"]
[Round "2"]
[White "Chuprikov, Dmitry"]
[Black "Popov, Kirill"]
[Result "1-0"]
[WhiteElo "2357"]
[BlackElo "2049"]
[PlyCount "76"]
[EventDate "2012.10.19"]
[EventType "swiss"]
[EventRounds "9"]
[EventCountry "RUS"]
[SourceTitle "EXT 2013"]
[Source "ChessBase"]
[SourceDate "2012.11.22"]
[SourceVersion "1"]
[SourceVersionDate "2012.11.22"]
[SourceQuality "1"]

1. d4 Nf6 2. Nf3 e6 3. Bg5 h6 4. Bh4 c5 5. e3 cxd4 6. exd4 Be7 7. Bd3 b6 8. 0-0 Bb7 9. Re1 d6 10. Nbd2 Nbd7 11. a4 0-0 12. a5 Nh5 13. Bg3 Nxg3 14. hxg3 Nf6 15. c3 Re8 16. Bb5 Rf8 17. Bd3 Re8 18. Qb3 Qc7 19. Nc4 Bxf3 20. gxf3 b5 21. Ne3 a6 22. d5 e5 23. Nc2 Nd7 24. Nb4 Nc5 25. Qa2 Qd7 26. Rad1 f5 27. Nc6 Bg5 28. Qb1 Rf8 29. Kg2 Qf7 30. b4 Nd7 31. c4 e4 32. Be2 bxc4 33. f4 Bf6 34. Bxc4 g5 35. Nd4 gxf4 36. gxf4 Kh7 37. Kf1 Rg8 38. Qb3 Qh5 1-0